Mario Kart - Les Objets - Statistiques

Statistiques générales
  • Ce quiz a été pris 1 222 fois
  • Le résultat moyen est 18 sur 31
Statistiques - réponses
Objets % Correct
Banane
96%
Carapace Rouge
96%
Champi Turbo
96%
Carapace Verte
95%
Carapace Bleue
93%
Super Étoile
85%
Boo
80%
Éclair
78%
Pièce
71%
Bill Ball
70%
Champi Turbo Doré
68%
Grand 8
67%
Bob-Omb
66%
Fleur de Feu
53%
Atout 7
52%
Méga Champi
52%
Super Klaxon
52%
Bloups
50%
Fleur Boomerang
49%
Plante Piranha
49%
Plume Acrobate
45%
Bloc POW
41%
Fausse Boîte à Objets
38%
Super Feuille
37%
Chomp
28%
Carapace de Bowser
27%
Boules de Feu
25%
Cœur
25%
Œuf de Yoshi
24%
Banane Géante
23%
Nuage Zap
21%
Aucun quiz correspondant
Distribution des résultats
% des personnes avec chaque résultat
Percentile par nombre de réponses
Votre historique - résultats
Vous n’avez pas pris ce quiz